000 01054nam a2200217Ia 4500
003 Ost
005 20260507075113.0
008 260507s9999||||xx |||||||||||||| ||und||
020 _a9770262404
040 _cfsecg
041 _aara
082 _a330
100 _aقويدر، إبراهيم
_eمؤلف
245 0 _aتنمية الموارد البشرية العربية وسياسات خلق فرص عمل جديدة /
_c إبراهيم قويدر
260 _a[دون مكان]:
_b[دون ناشر],
_c[دون تاريخ]
300 _a175 صفحة؛
_bإيضاحات ؛
_c24 سم
520 _aمناخ الاستثمار في الدول العربية،مستقبل القوى العاملة العربية،أهمية التعليم والتدريب المهني في برامج التنمية البشرية،وسائل وآليات تنمية الموارد البشرية،السياسات المتطورة لخلق فرص عمل جديدة
653 _aإدارة الأفراد
653 _aالاستثمار
942 _cكتاب
999 _c42962
_d42962